000 00657nam a2200241Ia 4500
005 20260121111819.0
008 1036 260114s9999 xx 000 0 eng d
020 _a9789814293150
037 _aEBOOK
040 _aCRL
_beng
_cCRL
041 _aeng
_2eng
084 _qCRL
100 _aWijeysundera Nihal E
_9947695
245 0 _aEngineering Thermodynamics with Worked Examples
260 _bWorld Scientific
260 _bWSPC
260 _c2010
650 _aEngineering / Acoustics
_9947696
856 _uhttps://www.worldscientific.com/worldscibooks/10.1142/7582#t=toc
942 _cEBOOK
999 _c1538336
_d1538336